000 01068nam a2200241Ia 4500
999 _c38065
_d38065
001 4051
003 GE_BSU
005 20190923113524.0
008 181216s1998||||ge |||||||||||||| ||geo||
040 _cGE_BSU
041 _ageo
080 _a39(479.223)+398(479.223) ა–14
100 _aაბაშიძე, ნარგიზ
_93771
245 _aიბრაიმ აბაშიძე და მისი ეთნოგრაფიულ-ფოლკლორისტული ჩანაწერები :
_bწ. 1. /
_cნარგიზ აბაშიძე; რედ.: ნოდარ კახიძე.
264 _aბათუმი :
_bაჭარა,
_c1998.
300 _a221 გვ.;
_b20 სმ.
541 _h5 ლ.
600 _aაბაშიძე იბრაიმ
_94216
653 _aქართველების ეთნოგრაფია ;
653 _aქართული ფოლკლორი;
700 _aკახიძე, ნოდარ
_eრედაქტორი
_91519
942 _cBK
_2udc